000 00666nam a2200229Ii 4500
003 JO-AjNU
008 230605s9999||||xx |||||||||||||| ||und||
017 _a1983/1833
020 _a977-148-007-3
040 _aJO-AjNU
_bara
_erda
_cJO-AjNU
041 _aara
050 1 4 _aBP130.4 1983
100 3 _aصبيح، محمد,
_eauthor
_936734
245 0 0 _aبحث جديد عن القرآن الكريم
250 _aط8
264 3 1 _aالقاهرة: دار الشروق، 1983
300 _a270ص
336 _atext
_btxt
_2rdacontent
337 _aunmediated
_bn
_2rdamedia
338 _avolume
_bnc
_2rdacarrier
650 4 _aالقرآن الكريم
_936735
999 _aA15288
_c18856
_d18856